Central Library OPAC University of Rajshahi

Wild thorn / (Record no. 13569)

MARC details
000 -LEADER
fixed length control field 00972cam a2200313 a 4500
001 - CONTROL NUMBER
control field 13569
003 - CONTROL NUMBER IDENTIFIER
rucl marc code BD-RjUL
005 - DATE AND TIME OF LATEST TRANSACTION
control field 20211208235456.0
008 - FIXED-LENGTH DATA ELEMENTS--GENERAL INFORMATION
fixed length control field 010201s2002 nyu 000 1 eng
020 ## - INTERNATIONAL STANDARD BOOK NUMBER
International Standard Book Number 0060197986 (acidfree paper)
035 ## - SYSTEM CONTROL NUMBER
System control number (BD-RjUL)
040 ## - CATALOGING SOURCE
Original cataloging agency DLC
Transcribing agency DLC
Modifying agency DLC
Language of cataloging eng
041 ## - LANGUAGE CODE
Language code of text/sound track or separate title eng
082 00 - DEWEY DECIMAL CLASSIFICATION NUMBER
Classification number 813.54
Edition number 21
Author mark and year HOW 2002
100 1# - MAIN ENTRY--PERSONAL NAME
Personal name Hoffman, William,
Dates associated with a name 1925-
9 (RLIN) 42419
245 10 - TITLE STATEMENT
Title Wild thorn /
Statement of responsibility, etc. William Hoffman.
250 ## - EDITION STATEMENT
Edition statement 1st ed.
260 ## - PUBLICATION, DISTRIBUTION, ETC. (IMPRINT)
Place of publication, distribution, etc. New York :
Name of publisher, distributor, etc. HarperCollins,
Date of publication, distribution, etc. c2002.
300 ## - PHYSICAL DESCRIPTION
Pagination 293 p. ;
Size 24 cm.
650 #0 - SUBJECT ADDED ENTRY--TOPICAL TERM
Topical term or geographic name as entry element Rich people
Form subdivision Fiction.
9 (RLIN) 42420
Topical term or geographic name as entry element Mountain life
Form subdivision Fiction.
9 (RLIN) 42421
Topical term or geographic name as entry element Older women
General subdivision Crimes against
Form subdivision Fiction.
9 (RLIN) 42422
651 #0 - SUBJECT ADDED ENTRY--GEOGRAPHIC NAME
Geographic name Virginia
Form subdivision Fiction.
9 (RLIN) 42423
856 42 - ELECTRONIC LOCATION AND ACCESS
Materials specified Publisher description
Uniform Resource Identifier <a href="http://www.loc.gov/catdir/description/hc043/2001058336.html">http://www.loc.gov/catdir/description/hc043/2001058336.html</a>
942 ## - ADDED ENTRY ELEMENTS (KOHA)
Source of classification or shelving scheme Dewey Decimal Classification
Koha item type Books
Holdings
Lost status Source of classification or shelving scheme Damaged status Not for loan Collection code Permanent Location Current Location Shelving location Date acquired Source of acquisition Cost, normal purchase price Total Checkouts Full call number Date last seen Copy number Koha item type
  Dewey Decimal Classification   Not For Loan Non-fiction Central Library, University of Rajshahi Central Library, University of Rajshahi Reading Room 03/11/2013 Dhaka american central library 4.95   813.54 HOW 2002 01/02/2014 C-1 Books